|
|
|
|
| LEADER |
01926nam a2200325 a 4500 |
| 001 |
0020212 |
| 003 |
BD-DhAAL |
| 008 |
100516s2004 maua b 001 0 eng d |
| 010 |
|
|
|a \\2004050668
|
| 020 |
|
|
|a 1580538657 (alk. paper)
|
| 040 |
|
|
|a DLC
|c DLC
|d DLC
|d BD-DhAAL
|
| 082 |
0 |
0 |
|a 621.382
|2 22
|
| 100 |
1 |
|
|a Jankiraman, Mohinder.
|9 58901
|
| 245 |
1 |
0 |
|a Space-time codes and MIMO systems /
|c Mohinder Jankiraman.
|
| 260 |
|
|
|a Boston :
|b Artech House,
|c 2004.
|
| 300 |
|
|
|a xvi, 327 p. :
|b ill. ;
|c 26 cm +
|e 1 CD-ROM (4 3/4 in.)
|
| 490 |
0 |
|
|a Artech House universal personal communications series.
|
| 504 |
|
|
|a Includes bibliographical references and index.
|
| 526 |
|
|
|a EEE
|x Md Sayeed Salam
Department of Electrical and Electronic Engineering
BRAC University
Course Name : Cellular Mobile Communication (EEE 511)
|
| 541 |
1 |
|
|e 0020212, 0020213
|a Trim Educationa
|
| 650 |
|
0 |
|a Space time codes.
|9 58902
|
| 650 |
|
0 |
|a MIMO systems.
|9 58903
|
| 650 |
|
0 |
|a Wireless communication systems.
|
| 650 |
|
0 |
|a Antenna arrays.
|9 58904
|
| 830 |
|
|
|a Artech House universal personal communications series
|9 58905
|
| 852 |
4 |
|
|a Ayesha Abed Library
|c General Stacks
|
| 942 |
|
|
|2 ddc
|c BK
|
| 999 |
|
|
|c 8581
|d 8581
|
| 952 |
|
|
|0 0
|1 0
|2 ddc
|4 0
|6 621_382000000000000_JAN_2004
|7 0
|9 10206
|a BRACUL
|b BRACUL
|c GEN
|d 2010-05-16
|e Trim Education
|g 11150.00
|l 4
|o 621.382 JAN
|p 3010020213
|r 2010-06-17
|s 2010-06-17
|t 2
|v 22300.00
|w 2010-05-16
|y BK
|x Requisitioned by Md Sayeed Salam (Department of Electrical and Electronic Engineering, BRAC University) for the course named- "Cellular Mobile Communication (EEE 511)"
|
| 952 |
|
|
|0 0
|1 0
|2 ddc
|4 0
|6 621_382000000000000_JAN_2004
|7 0
|9 10209
|a BRACUL
|b BRACUL
|c GEN
|d 2010-05-16
|e Trim Education
|g 11150.00
|l 0
|o 621.382 JAN
|p 3010020212
|r 2010-05-16
|t 1
|v 22300.00
|w 2010-05-16
|y BK
|x Requisitioned by Md Sayeed Salam (Department of Electrical and Electronic Engineering, BRAC University) for the course named- "Cellular Mobile Communication (EEE 511)"
|